000 00420nam a2200145 i 4500
001 bg
100 1 _aDel RIO SALSEDA, Bernardo
245 0 _aASU riealnovo vremieni na bazie ES EVM :
_bdinamika funkcionirovanija, elementy proektirovanija /
_cB. Del Rio Salseda.
260 _aMoskva,
_c1983.
040 _cBPK
041 _apol
080 _a65.012.4:338.4
942 _cKS
008 s pl f |000 0 pol
999 _c21871
_d21871
856 _uhttp://koha.tu.koszalin.pl/cgi-bin/koha/opac-detail.pl?biblionumber=21871
_yKatalog online BPK